004350000a22001330004500090001700000245009000017041001400107700003700121700003200158100004500190942001300235773003600248999001700284 aASbSeriadas10aHallazgo del género Trigonobalanus forman, 1962 () en el neotrópico- II0 aEspañol1 aLozano Contreras, Gustavo9205201 aHenao S., Jesús E.9992901 aHernández Camacho, Jorge Ignacio93657 cARTICULO1 tCaldasia345h61q9-43d1980g8 c14621d14621